| 000 | 00514cam a2200205ua 4500 | ||
|---|---|---|---|
| 020 | _c25.00 | ||
| 041 |
_aeng _h |
||
| 082 |
_a604.2 _bPIC/EN |
||
| 100 | _aPickup, F . | ||
| 245 |
_aEngineering drawing with worked examples / _cF.Pickup. _hTextual Documents |
||
| 250 |
_a1 / _b. |
||
| 260 |
_aLondon : _bHutchinson of London , _c1963. |
||
| 300 |
_a232 : _b` ; . |
||
| 365 | _a25.00 | ||
| 504 | _a | ||
| 700 | 1 | _aParker, M A . | |
| 700 | 1 | _aParker, M.A . | |
| 942 | _cBK | ||
| 999 |
_c1752 _d1752 |
||